Ekonomické myšlení Václava Klause do roku 1990

Saved in:
Bibliographic Details
Main Author: Geršl, Adam
Format: Book
Language:Czech
Published: Praha Univerzita Karlova v Praze. Nakladatelství Karolinum 2006
Subjects:
Tags: Add Tag
No Tags, Be the first to tag this record!

MARC

LEADER 00000nam$a2200000$$$4500
001 0059005
005 20240313085723.4
020 |a 80-246-1137-6 
041 0 |a cze 
044 |a CZ 
245 1 0 |a Ekonomické myšlení Václava Klause do roku 1990  |c Adam Geršl 
264 1 |a Praha  |b Univerzita Karlova v Praze. Nakladatelství Karolinum  |c 2006 
300 |a 116 s. 
610 2 0 |a myslenie ekonomické 
610 2 0 |a ekonómia 
610 2 0 |a teórie ekonomické 
610 2 0 |a makroekonomika 
610 2 0 |a socializmus 
610 2 0 |a mikroekonomika 
610 2 0 |a reformy hospodárske 
610 2 0 |a metodológia 
610 2 0 |a ekonometria 
610 2 0 |a politika hospodárska 
610 2 0 |a politika menová 
610 2 0 |a banky 
610 2 0 |a reformy 
610 2 0 |a Česko 
610 2 0 |a Slovensko 
610 2 0 |a Klaus, V. 
100 1 |a Geršl, Adam